LEADER 01230nam a2200253 i 4500 001 991004390737907536 005 20250619115633.0 008 250619s1957 gw er 001 0 ger d 040 $aBibl. Dip.le Aggr. Studi Umanistici - Sez. Filosofia$bita$cSocioculturale Scs 041 0 $ager 082 04$a831.6$223 100 1 $aKorff, Hermann August$0769931 245 10$aGeist der Goethezeit :$bVersuch einer ideellen Entwicklung der klassich-romantischen Literaturgeschichte /$cvon H. A. Korff 260 $aLeipzig :$bKoehler & Amelang,$c1957 300 $avolumi ;$c24 cm 505 00$gTeil 1. :$tSturm und Drang. -$g4. Durchgesehene auflage. -$g1957. -$gXVII, 310 p. 505 00$gTeil 2. :$tKlassik. -$g4. Durchgesehene auflage. -$g1957. -$gXVIII, 497 p. 505 00$gTeil 3. :$tFrühromantik. -$gUnveranderter nachdruck der 3. durhgesehene auflage. -$g1957. -$gXIII, 596 p. 505 00$gTeil 4. :$tHochromantik. -$gUnveranderter nachdruck der 2. durhgesehene auflage. -$g1956. -$gXIV, 752p. 505 00$gTeil 5. :$tRegisterband fur alle vier bande. -$g1957. -$gXIV, 752p. 600 14$aGoethe, Johann Wolfgang : von$xFilosofia 912 $a991004390737907536 996 $aGeist der Goethezeit$91570272 997 $aUNISALENTO